| 000 | 00430nam a22001457a 4500 | ||
|---|---|---|---|
| 003 | OSt | ||
| 008 | 251218b |||||||| |||| 00| 0 eng d | ||
| 082 |
_a632.65182 _bJ20E |
||
| 100 | _aJaiswal, Bibek Kumar | ||
| 245 | _aEffect of Lesion Nematode, Pratylenchus Zeae, Graham, 1951, On Maize Crop | ||
| 260 |
_aPusa, Samastipur _bDRPCAU _c2007 |
||
| 300 | _a48 | ||
| 502 |
_aReferences- viii _bM.Sc.(Nematology) _d2007 |
||
| 942 |
_2ddc _cT |
||
| 999 |
_c49504 _d49504 |
||